000 00281nam a22001337a 4500
020 _a81-286-0839-8
082 _a823
_bMCG/B
100 _aMcGUIRE, LIZZIE
245 _aBROKEN HEARTS
260 _aMUMBAI
_bEURO BOOKS
_c2007
300 _a138
650 _aNOVEL
_zINDIA
942 _cBK
999 _c2503
_d2503